Multiple-Choice-Stadtquiz Kiel - Statistiken

Allgemein
  • Dieses Quiz wurde 1.462 mal gespielt
  • Das Durchschnittsergebnis liegt bei 8 aus 10
Antwortstatistiken
Frage Antwort % Korrekt
Von welchem Bundesland ist Kiel die Landeshauptstadt? Schleswig-Holstein
98%
Wie heißt die weltweit bekannte Segelveranstaltung, die jährlich in Kiel stattfindet? Kieler Woche
89%
An welchem Gewässer liegt Kiel? Ostsee
88%
Was ist die Kieler Förde? Eine Bucht
87%
Welche Sportart ist in Kiel neben dem Segeln besonders erfolgreich? Handball
85%
Welcher dieser Kanäle verläuft durch Kiel? Nord-Ostsee-Kanal
82%
Wie viele Einwohner hat Kiel ungefähr? 250.000
61%
Welches große Einkaufszentrum gibt es in Kiel? Sophienhof
61%
Welches dieser Denkmäler in der Nähe von Kiel erinnert an die auf den Meeren gebliebenen Seeleute aller Nationen? Marine-Ehrenmal Laboe
54%
Welcher Fluss verläuft durch Kiel? Schwentine
50%
Keine übereinstimmenden Quizze gefunden
Verteilung der Resultate
Anzahl Personen mit jedem Resultat
Perzentil nach korrekt beantworteten Fragen
Ihre Resultats-Entwicklung
Sie haben dieses Quiz noch nicht gespielt